000 00311nam a2200133Ia 4500
008 191201s2008 xx 000 0 und d
100 _aPUNMIA, BC
245 0 _aBuilding Construction
250 _aRep
260 _c2008
_bLaxmi Publications
_aNew Delhi
300 _a666+6
650 _aCIVIL
942 _2ddc
_cBB
999 _c7606
_d7606